000 01238nam a2200241Ia 4500
003 OSt
005 20250605150910.0
008 220923b |||||||| |||| 00| 0 eng d
037 _cRefertence
040 _aRTL
_cRTL
_beng
041 _2eng
_aeng
084 _aB K1/SC
_qRTL
100 _aOwen, George E.
_9236389
245 0 _aFundamentals of scientific mathematics.
260 _aNew York
_bHarper & Row
_c1961
300 _ax, 274 p. : ill.
_ccm.
_bIncludes bibliographical references and index
520 _aFor a book that was originally written in 1961, this book is surprisingly modern. The very clear treatment of matrices and vectors in a scientific mathematics context, then linking their use to elementary calculus, as well as to cylindrical and spherical coordinate systems is excellent. This would make a very useful book for a mathematician/physicist/chemist/engineer to read before starting a degree. George Owen also wrote another very good book at a slightly higher math level called The Universe of the Mind. The two books would go well together.
650 _aMathematics
650 _aAlgebra
650 _aGeometry
942 _hB, K1/SC
_cREF
_2CC
_n0
999 _c624958
_d624958